UM Logo

Disentangling different sources of stability and change in students' academic self-concepts : (Record no. 18161)

MARC details
000 -LEADER
fixed length control field 01015nam a22002297a 4500
003 - CONTROL NUMBER IDENTIFIER
control field OSt
005 - DATE AND TIME OF LATEST TRANSACTION
control field 20251124132743.0
008 - FIXED-LENGTH DATA ELEMENTS--GENERAL INFORMATION
fixed length control field 230829b ||||| |||| 00| 0 eng d
040 ## - CATALOGING SOURCE
Transcribing agency 0
082 ## - DEWEY DECIMAL CLASSIFICATION NUMBER
Classification number DPer 370.15 J826 October-November 2020 v. 112 n. 7-8
100 ## - MAIN ENTRY--PERSONAL NAME
Personal name Jansen, Malte.
Relator term author.
9 (RLIN) 48848
245 ## - TITLE STATEMENT
Title Disentangling different sources of stability and change in students' academic self-concepts :
Remainder of title an integrative data analysis using the starts model /
Statement of responsibility, etc. Malte Jansen, Oliver Lüdtke, and Alexander Robitzsch.
260 ## - PUBLICATION, DISTRIBUTION, ETC. (IMPRINT)
Place of publication, distribution, etc. Washington ;
Name of publisher, distributor, etc. American Psychological Association ,
Date of publication, distribution, etc. November 2020.
300 ## - PHYSICAL DESCRIPTION
Extent Volume 112, pages 1614-1631 :
Other physical details illustration ;
Dimensions 28 cm.
500 ## - GENERAL NOTE
General note Journal of Educational Psychology, vol. 112, n. 8, pages 1614-1631, November 2020.
650 ## - SUBJECT ADDED ENTRY--TOPICAL TERM
Topical term or geographic name as entry element Self-perception.
9 (RLIN) 48849
650 ## - SUBJECT ADDED ENTRY--TOPICAL TERM
Topical term or geographic name as entry element Education.
9 (RLIN) 48850
700 ## - ADDED ENTRY--PERSONAL NAME
Personal name Jansen, Malte.
Relator term author.
9 (RLIN) 48848
700 ## - ADDED ENTRY--PERSONAL NAME
Personal name Lüdtke, Oliver.
Relator term author.
9 (RLIN) 48851
700 ## - ADDED ENTRY--PERSONAL NAME
Personal name Robitzsch, Alexander.
Relator term author.
9 (RLIN) 48852
942 ## - ADDED ENTRY ELEMENTS (KOHA)
Source of classification or shelving scheme Dewey Decimal Classification
Koha item type Periodicals
Holdings
Withdrawn status Lost status Source of classification or shelving scheme Damaged status Not for loan Collection code Home library Current library Date acquired Total Checkouts Full call number Date last seen Price effective from Koha item type Public note
    Dewey Decimal Classification     Periodicals UM Digos College - LIC UM Digos College - LIC 08/29/2023   DPer 370.15 J826 October-November 2020 v. 112 n. 7-8 08/29/2023 08/29/2023 Periodicals Periodical Article